Najmniejsze Panstwa Swiata - Statystyki

Ogólne statystyki
  • Ten quiz został rozwiązany 59 razy
  • Średni wynik to 6 z 10
Statystyki odpowiedzi
Kontynent: Powierzchnia: Answer: % Poprawnych
Europa 0,44km2 Watykan
96%
Europa 2,02km2 Monako
89%
Europa ~160km2 Liechtenstein
82%
Europa ~61km2 San Marino
82%
Oceania 21,3km2 Nauru
60%
Europa ~316km2 Malta
58%
Oceania ~26km2 Tuvalu
47%
Oceania ~181km2 Wyspy Marshalla
38%
Azja ~289km2 Malediwy
31%
Ameryka Polnocna ~261km2 Saint kitts and Nevis
4%
Nie znaleziono quizów pasujących do podanych kryteriów
Rozkład punktacji
Procent ludzi z każdym wynikiem
Percentyl według liczby udzielonych odpowiedzi
Twoja historia wyników
Nie rozwiązałeś tego quizu